[Event "40. Abierto Ciudad de Mar del Plata"]
[Site "Mar del Plata ARG"]
[Date "2009.04.05"]
[Round "1.1"]
[White "Alonso, Salvador"]
[Black "Ortiz, Jorge"]
[Result "1-0"]
[WhiteElo "2489"]
[BlackElo "1920"]
[PlyCount "105"]
[EventDate "2009.04.05"]
[EventType "swiss"]
[EventRounds "9"]
[EventCountry "ARG"]
[Source "lmi"]
[SourceDate "2009.04.05"]

1. e4 e5 2. Nf3 Nc6 3. Bb5 a6 4. Ba4 Nf6 5. O-O Be7 6. Re1 b5 7. Bb3 O-O 8. h3
d6 9. c3 Na5 10. Bc2 c5 11. d4 Nd7 12. Nbd2 Nc6 13. d5 Ncb8 14. a4 Nb6 15. a5
N6d7 16. b4 c4 17. Nf1 Nf6 18. Ng3 Ne8 19. Be3 Bd7 20. Qd2 Qc8 21. Nh2 Qd8 22.
Rf1 g5 23. Ng4 Bxg4 24. hxg4 Ng7 25. f3 f6 26. Kf2 Kf7 27. Rh1 Rh8 28. Rh6 Nd7
29. Rah1 Qg8 30. Ke1 Rb8 31. Nf1 Nf8 32. g3 Ng6 33. Qh2 Re8 34. Bd2 Rb8 35. Ne3
Bf8 36. Qf2 Rb7 37. R6h3 Be7 38. Bd1 Bd8 39. Nf5 Nxf5 40. gxf5 Nf8 41. f4 exf4
42. gxf4 Ke8 43. fxg5 fxg5 44. Rh6 Re7 45. Bh5+ Kd7 46. Qa7+ Bc7 47. Qb7 Rxe4+
48. Kd1 Qg7 49. Bf3 Rh4 50. R6xh4 gxh4 51. Re1 Qf7 52. Qc6+ Kc8 53. Bg5 1-0